<?xml version="1.0" encoding="UTF-8"?>
<record
    xmlns:xsi="http://www.w3.org/2001/XMLSchema-instance"
    xsi:schemaLocation="http://www.loc.gov/MARC21/slim http://www.loc.gov/standards/marcxml/schema/MARC21slim.xsd"
    xmlns="http://www.loc.gov/MARC21/slim">

  <leader>01731nam0a2200349   4500</leader>
  <controlfield tag="001">RU\NLR\bibl\509475</controlfield>
  <controlfield tag="005">20260407095050.0</controlfield>
  <datafield tag="010" ind1=" " ind2=" ">
    <subfield code="a">5-93761-053-9</subfield>
    <subfield code="9">150</subfield>
  </datafield>
  <datafield tag="021" ind1=" " ind2=" ">
    <subfield code="a">RU</subfield>
    <subfield code="b">2004-10706</subfield>
    <subfield code="9">552</subfield>
  </datafield>
  <datafield tag="035" ind1=" " ind2=" ">
    <subfield code="a">(NLR Aleph) 000501994</subfield>
  </datafield>
  <datafield tag="090" ind1=" " ind2=" ">
    <subfield code="a">1179394</subfield>
    <subfield code="c">1179394</subfield>
  </datafield>
  <datafield tag="100" ind1=" " ind2=" ">
    <subfield code="a">20040408d2003    |||y0rusy50      ca</subfield>
  </datafield>
  <datafield tag="101" ind1="0" ind2=" ">
    <subfield code="a">rus</subfield>
  </datafield>
  <datafield tag="102" ind1=" " ind2=" ">
    <subfield code="a">RU</subfield>
  </datafield>
  <datafield tag="105" ind1=" " ind2=" ">
    <subfield code="a">ab  |||||||||</subfield>
  </datafield>
  <datafield tag="200" ind1="1" ind2=" ">
    <subfield code="a">&#x413;&#x43B;&#x443;&#x431;&#x438;&#x43D;&#x43D;&#x44B;&#x435; &#x432;&#x43E;&#x441;&#x445;&#x43E;&#x434;&#x44F;&#x449;&#x438;&#x435; (&#x444;&#x438;&#x434;&#x435;&#x440;&#x43D;&#x44B;&#x435;) &#x441;&#x442;&#x440;&#x443;&#x43A;&#x442;&#x443;&#x440;&#x44B; &#x438; &#x438;&#x445; &#x43C;&#x438;&#x43D;&#x435;&#x440;&#x430;&#x433;&#x435;&#x43D;&#x438;&#x44F;</subfield>
    <subfield code="e">[&#x414;&#x43E;&#x43A;&#x43B;.]</subfield>
    <subfield code="f">&#x41B;.&#x418;. &#x41A;&#x440;&#x430;&#x441;&#x43D;&#x44B;&#x439;</subfield>
    <subfield code="g">&#x428;&#x435;&#x441;&#x442;&#x43D;&#x430;&#x434;&#x446;&#x430;&#x442;&#x44B;&#x435; &#x43D;&#x430;&#x443;&#x447;. &#x447;&#x442;&#x435;&#x43D;&#x438;&#x44F; &#x43F;&#x430;&#x43C;&#x44F;&#x442;&#x438; &#x430;&#x43A;&#x430;&#x434;. &#x410;&#x43B;&#x435;&#x43A;&#x441;&#x430;&#x43D;&#x434;&#x440;&#x430; &#x41F;&#x435;&#x442;&#x440;&#x43E;&#x432;&#x438;&#x447;&#x430; &#x41A;&#x430;&#x440;&#x43F;&#x438;&#x43D;&#x441;&#x43A;&#x43E;&#x433;&#x43E;</subfield>
  </datafield>
  <datafield tag="210" ind1=" " ind2=" ">
    <subfield code="a">&#x421;&#x41F;&#x431;.</subfield>
    <subfield code="c">&#x412;&#x421;&#x415;&#x413;&#x415;&#x418;</subfield>
    <subfield code="d">2003</subfield>
  </datafield>
  <datafield tag="215" ind1=" " ind2=" ">
    <subfield code="a">30, [1] &#x441;.</subfield>
    <subfield code="c">&#x438;&#x43B;., &#x43A;&#x430;&#x440;&#x442;.</subfield>
    <subfield code="d">22</subfield>
  </datafield>
  <datafield tag="300" ind1=" " ind2=" ">
    <subfield code="a">&#x412; &#x43D;&#x430;&#x434;&#x437;&#x430;&#x433;.: &#x41C;-&#x432;&#x43E; &#x43F;&#x440;&#x438;&#x440;&#x43E;&#x434;. &#x440;&#x435;&#x441;&#x443;&#x440;&#x441;&#x43E;&#x432; &#x420;&#x43E;&#x441;. &#x424;&#x435;&#x434;&#x435;&#x440;&#x430;&#x446;&#x438;&#x438;, &#x412;&#x441;&#x435;&#x440;&#x43E;&#x441;. &#x43D;.-&#x438;. &#x433;&#x435;&#x43E;&#x43B;. &#x438;&#x43D;-&#x442; &#x438;&#x43C;. &#x410;.&#x41F;. &#x41A;&#x430;&#x440;&#x43F;&#x438;&#x43D;&#x441;&#x43A;&#x43E;&#x433;&#x43E; (&#x412;&#x421;&#x415;&#x413;&#x415;&#x418;), &#x41A;&#x43E;&#x43C;&#x438;&#x441;. &#x43F;&#x43E; &#x434;&#x43E;&#x43A;&#x443;&#x43C;&#x435;&#x43D;&#x442;. &#x43D;&#x430;&#x441;&#x43B;&#x435;&#x434;&#x438;&#x44E; &#x430;&#x43A;&#x430;&#x434;. &#x410;.&#x41F;. &#x41A;&#x430;&#x440;&#x43F;&#x438;&#x43D;&#x441;&#x43A;&#x43E;&#x433;&#x43E;</subfield>
  </datafield>
  <datafield tag="320" ind1=" " ind2=" ">
    <subfield code="a">&#x411;&#x438;&#x431;&#x43B;&#x438;&#x43E;&#x433;&#x440;. &#x432; &#x43A;&#x43E;&#x43D;&#x446;&#x435; &#x43A;&#x43D;. (38 &#x43D;&#x430;&#x437;&#x432;.)</subfield>
  </datafield>
  <datafield tag="606" ind1="0" ind2=" ">
    <subfield code="a">&#x422;&#x435;&#x43A;&#x442;&#x43E;&#x43D;&#x438;&#x447;&#x435;&#x441;&#x43A;&#x438;&#x435; &#x441;&#x442;&#x440;&#x443;&#x43A;&#x442;&#x443;&#x440;&#x44B; &#x433;&#x43B;&#x443;&#x431;&#x438;&#x43D;&#x43D;&#x44B;&#x435;</subfield>
    <subfield code="x">&#x41C;&#x438;&#x43D;&#x435;&#x440;&#x430;&#x433;&#x435;&#x43D;&#x438;&#x44F;</subfield>
    <subfield code="9">2328580</subfield>
    <subfield code="3">RU\NLR\auth\661392625</subfield>
  </datafield>
  <datafield tag="686" ind1=" " ind2=" ">
    <subfield code="a">&#x414;452-23</subfield>
  </datafield>
  <datafield tag="686" ind1=" " ind2=" ">
    <subfield code="a">&#x414;391.6</subfield>
  </datafield>
  <datafield tag="700" ind1=" " ind2="1">
    <subfield code="a">&#x41A;&#x440;&#x430;&#x441;&#x43D;&#x44B;&#x439;</subfield>
    <subfield code="b">&#x41B;. &#x418;.</subfield>
    <subfield code="g">&#x41B;&#x435;&#x432; &#x418;&#x441;&#x430;&#x430;&#x43A;&#x43E;&#x432;&#x438;&#x447;</subfield>
    <subfield code="4">070</subfield>
  </datafield>
  <datafield tag="711" ind1="1" ind2="2">
    <subfield code="a">&#x41D;&#x430;&#x443;&#x447;&#x43D;&#x44B;&#x435; &#x447;&#x442;&#x435;&#x43D;&#x438;&#x44F; &#x43F;&#x430;&#x43C;&#x44F;&#x442;&#x438; &#x410;.&#x41F;. &#x41A;&#x430;&#x440;&#x43F;&#x438;&#x43D;&#x441;&#x43A;&#x43E;&#x433;&#x43E;</subfield>
    <subfield code="d">16</subfield>
    <subfield code="f">2003</subfield>
    <subfield code="e">&#x421;&#x430;&#x43D;&#x43A;&#x442;-&#x41F;&#x435;&#x442;&#x435;&#x440;&#x431;&#x443;&#x440;&#x433;</subfield>
    <subfield code="3">RU\NLR\AUTH\8810052949</subfield>
    <subfield code="9">606332</subfield>
  </datafield>
  <datafield tag="801" ind1=" " ind2="0">
    <subfield code="a">RU</subfield>
    <subfield code="b">NLR</subfield>
    <subfield code="c">20040408</subfield>
    <subfield code="g">PSBO</subfield>
  </datafield>
  <datafield tag="801" ind1=" " ind2="1">
    <subfield code="a">RU</subfield>
    <subfield code="b">NLR</subfield>
    <subfield code="c">20040408</subfield>
  </datafield>
  <datafield tag="830" ind1=" " ind2=" ">
    <subfield code="a">&#x410;&#x432;&#x442;. &#x440;&#x430;&#x441;&#x43A;&#x440;&#x44B;&#x442; &#x43F;&#x43E; &#x42D;&#x41A;</subfield>
  </datafield>
  <datafield tag="942" ind1=" " ind2=" ">
    <subfield code="c">BOOK</subfield>
  </datafield>
  <datafield tag="980" ind1=" " ind2=" ">
    <subfield code="a">NB</subfield>
  </datafield>
  <datafield tag="995" ind1=" " ind2=" ">
    <subfield code="5">2004-04-08</subfield>
    <subfield code="a">ad</subfield>
    <subfield code="b">NLR01</subfield>
    <subfield code="c">NLR01</subfield>
    <subfield code="e">RF3</subfield>
    <subfield code="f">667991</subfield>
    <subfield code="k">2004-6/833</subfield>
    <subfield code="o">0</subfield>
    <subfield code="r">BOOK</subfield>
    <subfield code="s">20046833_</subfield>
  </datafield>
  <datafield tag="995" ind1=" " ind2=" ">
    <subfield code="5">2004-04-08</subfield>
    <subfield code="a">ad</subfield>
    <subfield code="b">NLR01</subfield>
    <subfield code="c">NLR01</subfield>
    <subfield code="e">RF3</subfield>
    <subfield code="f">667992</subfield>
    <subfield code="k">2004-6/833</subfield>
    <subfield code="o">0</subfield>
    <subfield code="r">BOOK</subfield>
    <subfield code="s">20046833_</subfield>
  </datafield>
</record>
